000 00501nam a2200181Ia 4500
001 10979
005 20260306161912.0
008 260306t1998||||xx |||||||||||||| ||spa||
041 _aESP
082 _a985
_bC76 T. 1
100 _aMilla Batres, Carlos
_eAUT
245 0 _aCompendio Histórico del Perú:
_bhistoria arqueológica del Perú (del paleolítico al imperio inca)
260 _c1998
300 _a670 páginas :
_c25 cm.
650 _aGEN
654 _aCHU
942 _cLIB
_dJUS
_fJUS
_2ddc
_n
999 _c10979
_d10979